000 006250000a22002530004500
440 _aThe open University Postgraduate certificate
500 _aIncludes bibliographies
650 _aPrimary education
650 _aCurriculum
650 _aLearning
650 _aEducation
650 _aTeaching practice
082 _a372
_bB667t
_cT
518 _a980629
530 _aM
100 _aBourne, Jill
245 _aThinking through primary practice
020 _a0-415-10257-x
260 _aLondon
_bRoutledge, Great Britain
260 _c1994
041 _aEng
300 _aix, 292p.
_billus
942 _cGEN
999 _c14558
_d14558